(Record no. 191677)

MARC details
000 -LEADER
fixed length control field 00400nam a2200169Ia 4500
003 - CONTROL NUMBER IDENTIFIER
control field IQ-KOUCL
008 - FIXED-LENGTH DATA ELEMENTS--GENERAL INFORMATION
fixed length control field 260118s9999||||xx |||||||||||||| ||und||
020 ## - INTERNATIONAL STANDARD BOOK NUMBER
International Standard Book Number 9780024044129
041 ## - LANGUAGE CODE
Language code of text/sound track or separate title English
082 ## - DEWEY DECIMAL CLASSIFICATION NUMBER
Classification number 302.5 R 8241
100 ## - MAIN ENTRY--PERSONAL NAME
Personal name Earl rubington
245 #4 - TITLE STATEMENT
Title The interactionist perspective
250 ## - EDITION STATEMENT
Edition statement ed 6
260 ## - PUBLICATION, DISTRIBUTION, ETC. (IMPRINT)
Name of publisher, distributor, etc Allyn and Bacon
Place of publication, distribution, etc London
Date of publication, distribution, etc 1996
300 ## - PHYSICAL DESCRIPTION
Extent 456
942 ## - ADDED ENTRY ELEMENTS (KOHA)
Koha item type Books
Holdings
Withdrawn status Lost status Damaged status Not for loan Collection code Home library Current library Shelving location Date acquired Total Checkouts Full call number Barcode Date last seen Price effective from Koha item type
        300-309 Koya University Central Library Koya University Central Library Books 18/01/2026   302.5 R 8241 0000092813 18/01/2026 18/01/2026 Books